La Reforma del Estado en Guatemala /
Guardat en:
| Autor principal: | |
|---|---|
| Format: | Text |
| Matèries: | |
| Etiquetes: |
Afegir etiqueta
Sense etiquetes, Sigues el primer a etiquetar aquest registre!
|
MARC
| LEADER | 00000 a a2200000 04500 | ||
|---|---|---|---|
| 001 | 7465 | ||
| 003 | |||
| 040 | |||
| 100 | |a Cardona Recinos, Rokael | ||
| 245 | |a La Reforma del Estado en Guatemala / |c Rokael Cardona Recinos | ||
| 650 | |a REFORMAS ADMINISTRATIVAS | ||
| 650 | |a DEMOCRATIZACION | ||
| 650 | |a ESTADO | ||
| 650 | |a POLITICAS SOCIALES | ||
| 650 | |a REFORMA SOCIAL | ||
| 650 | |a CONSENSO | ||
| 650 | |a SOCIEDAD CIVIL | ||
| 773 | |g número 6; páginas 46-60 | ||
| 999 | |c 22127 |d 22127 | ||
